000 00643nam a2200193Ii 4500
003 JO-AjNU
008 230605s9999||||xx |||||||||||||| ||und||
040 _aJO-AjNU
_bara
_erda
_cJO-AjNU
041 _aara
050 1 4 _aHD04.Z346.1988
100 3 _aهاشم، زكي محمود,
_eauthor
_945485
245 0 0 _aالتنظيم وطرق العمل
264 3 1 _aالكويت:ذات السلاسل للطباعة والنشر والتوزيع،1988
300 _a451ص
336 _atext
_btxt
_2rdacontent
337 _aunmediated
_bn
_2rdamedia
338 _avolume
_bnc
_2rdacarrier
650 4 _aادارة اعمال-التنظيم
_945486
999 _aA19721
_c23289
_d23289